1666 1396 1395 1292 1653 1400 1348 1849 1743 1513 1089 1664 1031 1624 1459 1576 1680 1433 1764 1913 1893 1926 1159 1665 1753 1555 1928 1484 1733 1568 1035 1317 1115 1792 1476 1296 1016 1610 1996 1078 1452 1590 1853 1338 1182 1778 1050 1935 1846 1045 1430 1691 1563 1622 1575 1307 1333 1407 1972 1771 1652 1372 1643 1869 1032 1812 1256 1908 1804 1378 1228 1406 1583 1747 1559 1709 1065 1915 1387 1198 1698 1882 1513 1773 1318 1696 1837 1108 1915 1975 1372 1685 1763 1146 1382 1569 1354 1033 1239 BCNSPRNW ULIB Ver.6.0+V

เปลี่ยนเป็นภาษาไทย

Change to English
 แสดงรายละเอียดบรรณานุกรม
  กลับหน้าหลัก

Brief Record : Get Marc (ISO 2709) : E-mail record : QR code < ปิดหน้าต่าง
LEADER : 00000nam 2200000uu 4500
001    13399127378
003     ULIB
008    200513s2562||||th 000 0 tha d
020 ^- ^a9786162715464
060 ^- ^aW84.61^bป625
245 00 ^aปัญหาเวชปฏิบัติปฐมภูมิยุคใหม่และการดู=Emerging primary care trends and implications for practice /บรรณาธิการ นฤชา โกมลสุรเดช ... [และคนอื่นๆ].
250 ^- ^aพิมพ์ครั้งที่ 1.
260 ^- ^aสงขลา :ภาควิชาเวชศาสตร์ครอบครัวและเวชศาสตร์ป้องกัน คณะแพทยศาสตร์ มหาวิทยาลัยสงขลานครินทร์,^c2562
300 ^- ^a216 หน้า :^bภาพประกอบ.
650 ^4 ^aสาธารณสุขมูลฐาน^xการใช้ยา.
700 0^ aนฤชา โกมลสุรเดช.
700 0^ aกัมพล เอี่ยมพนากิจ.
700 0^ aจารุรินทร์ ปิตานุพงศ์.
700 0^ aธรรมสินธิ์ อิงวิยะ.
700 0^ aธารีรัตน์ อนันต์ชัยทรัพย์.
700 0^ aพลเทพ วิจิตรคุณากร.
700 0^ aศุภกร ศรีแผ้ว.
700 0^ aศศิวรา บุญรัศมี.
700 0^ aสุภร บุษปวนิช.
710 2^ aมหาวิทยาลัยสงขลานครินทร์^bภาควิชาเวชศาสตร์ครอบครัวและเวชศาสตร์ป้องกัน.
945    ^p380^l0^i28241
999    ^aกัณชพร จุลอักษร
รายการนี้ยังไม่มีแท็ก
คุณยังไม่ได้ล็อกอิน คุณสามารถมีกิจกรรมร่วมกับเว็บไซต์ได้ แต่ต้องล็อกอินก่อน ::
  ล็อกอิน

รายการสื่อสารสนเทศ

ลำดับที่ ประเภท เลขเรียก/บาร์โค้ด สถานที่ สถานะ
1. หนังสือสำรอง
หนังสือสำรอง
W84.61 ป625 ฉ.1 
  Barcode: 28241
ห้องสมุดวิทยาเขตนครสวรรค์
►หนังสือทั่วไป:l:General Books
บนชั้น

รายการใกล้เคียง
    ชื่อเรื่อง [ปัญหาเวชปฏิบัติปฐมภูมิยุคใหม่และการดู=Emerging primary care trends and implications for practice /บรรณาธิการ นฤชา โกมลสุรเดช ... [และคนอื่นๆ].]

BibComment


ยังไม่เคยถูกคอมเมนท์

คอมเมนท์ทรัพยากรรายการนี้
  คอมเมนท์: ปัญหาเวชปฏิบัติป..


 Copyright 2026. Bcnsprnw @Library